Le Uova Del Drago

Αποθηκεύτηκε σε:
Λεπτομέρειες βιβλιογραφικής εγγραφής
Κύριος συγγραφέας: Pitrangelo Buttafuoco
Μορφή: Βιβλίο
Γλώσσα:Άγνωστη γλώσσα
Έκδοση: Romanzo
Ετικέτες: Προσθήκη ετικέτας
Δεν υπάρχουν, Καταχωρήστε ετικέτα πρώτοι!

MARC

LEADER 00000nam a2200000Ia 4500
001 R-518
003 CODICE-MESSINA
005 20260212102453.0
008 260211s9999 xx 000 0 und d
040 |c importazione_messina 
100 |a Pitrangelo Buttafuoco 
245 0 |a Le Uova Del Drago 
260 |b Romanzo 
942 |2 ddc  |c BK 
952 |0 0  |1 0  |2 ddc  |4 0  |6 SCAFFALE_5_000000000000000__ROMANZI  |7 0  |9 31339  |a ME  |b ME  |d 2026-02-11  |l 0  |o SCAFFALE 5 - ROMANZI  |p R-518  |r 2026-02-11 23:52:29  |w 2026-02-11  |x [REVISIONARE]  |y BK 
999 |c 27003  |d 27003